Emoción en la enfermedad y otros ensayos / (Record no. 44282)

MARC details
000 -LEADER
campo de control de longitud fija 00681nam a2200205 i 4500
001 - NÚMERO DE CONTROL
campo de control 44282
003 - IDENTIFICADOR DE NÚMERO DE CONTROL
campo de control ES-MaACL
005 - FECHA Y HORA DE LA ÚLTIMA TRANSACCIÓN
campo de control 20250129092400.0
007 - CAMPO FIJO DE DESCRIPCIÓN FÍSICA--INFORMACIÓN GENERAL
campo de control de longitud fija t|
008 - DATOS DE LONGITUD FIJA--INFORMACIÓN GENERAL
campo de control de longitud fija 030321s1961 sp ||||1| spa d
100 1# - ENTRADA PRINCIPAL--NOMBRE DE PERSONA
Nombre de persona Cienfuegos, Francisco.
9 (RLIN) 38780
245 10 - MENCIÓN DEL TÍTULO
Título Emoción en la enfermedad y otros ensayos /
Mención de responsabilidad, etc. Francisco Cienfuegos ; prólogo de C. Blanco Soler.
260 ## - PUBLICACIÓN, DISTRIBUCIÓN, ETC.
Lugar de publicación, distribución, etc. Gijón :
Nombre del editor, distribuidor, etc. [s.n.,
Fecha de publicación, distribución, etc. 1961] (
Fabricante Stella)
300 ## - DESCRIPCIÓN FÍSICA
Extensión 474 p. :
Otras características físicas il. ;
Dimensiones 21 cm.
650 #4 - PUNTO DE ACCESO ADICIONAL DE MATERIA--TÉRMINO DE MATERIA
Término de materia o nombre geográfico como elemento de entrada Medicina-
Subdivisión de forma Curiosidades.
9 (RLIN) 148883
700 1# - ENTRADA AGREGADA--NOMBRE PERSONAL
Nombre de persona Blanco Soler, C.,
Fechas asociadas al nombre 1894-1962
9 (RLIN) 29295
852 ## - LOCALIZACIÓN
Ubicación ES-MaACL
Número de control de estantería C-20396
Sublocalización o colección R.48339
852 ## - LOCALIZACIÓN
Ubicación ES-MaACL
Número de control de estantería C-27141
Sublocalización o colección R.56156
Holdings
Estatus retirado Estado de pérdida Estado de daño No para préstamo Biblioteca de origen Biblioteca actual Ubicación en estantería Fecha de adquisición Fuente de adquisición Total de préstamos Signatura topográfica completa Código de barras Visto por última vez Precio de reemplazo Tipo de ítem Koha
        Biblioteca del Ateneo de Madrid Biblioteca del Ateneo de Madrid Depósito 2 17/01/2008     C-27141 1046603 23/02/2023 23/02/2023 Libro impreso
        Biblioteca del Ateneo de Madrid Biblioteca del Ateneo de Madrid Galería 17/01/2008     C-20396 1046602 23/02/2023 23/02/2023 Libro impreso